Search the Library Catalogue
| 000 -LEADER | |
|---|---|
| fixed length control field | 00631nam a2200205Ia 4500 |
| 008 - FIXED-LENGTH DATA ELEMENTS--GENERAL INFORMATION | |
| fixed length control field | 191130s2004##################000#0#eng## |
| 020 ## - INTERNATIONAL STANDARD BOOK NUMBER | |
| International Standard Book Number | 9780851997445 |
| 040 ## - CATALOGING SOURCE | |
| Original cataloging agency | ACL |
| Transcribing agency | ACL |
| 082 ## - DEWEY DECIMAL CLASSIFICATION NUMBER | |
| Classification number | 338.13 SWI |
| 245 ## - TITLE STATEMENT | |
| Title | A bond scheme for common agricultural policy reform |
| Statement of responsibility, etc. | edited by Alan Swinbank and Richard Tranter |
| 260 ## - PUBLICATION, DISTRIBUTION, ETC. | |
| Place of publication, distribution, etc. | Wallingford, UK |
| Name of publisher, distributor, etc. | CABI Publishing |
| Date of publication, distribution, etc. | 2004 |
| 300 ## - PHYSICAL DESCRIPTION | |
| Extent | xiv, 187 p. : ill ; 23 cm |
| 500 ## - GENERAL NOTE | |
| General note | Includes Index |
| 650 ## - SUBJECT ADDED ENTRY--TOPICAL TERM | |
| Topical term or geographic name entry element | Agricultural economics |
| 700 ## - ADDED ENTRY--PERSONAL NAME | |
| Personal name | Swinbank, Alan |
| Personal name | Tranter, Richard |
| 990 ## - EQUIVALENCES OR CROSS-REFERENCES [LOCAL, CANADA] | |
| Link information for 9XX fields | 9a7baf2aac10000c59e4be671a47567b |
| 991 ## - | |
| -- | 209373 |
No items available.